| 000 | 00540nam a22001817a 4500 | ||
|---|---|---|---|
| 003 | OSt | ||
| 005 | 20210128105827.0 | ||
| 008 | 210128s1974 ||||| |||| 00| 0 eng d | ||
| 040 |
_aeng _beng _cDLC |
||
| 041 | _aeng | ||
| 080 |
_a94 _bW-49 |
||
| 245 |
_aWelcome South Brother _b: Fifty Years of Broadcasting at WSB, Atlanta, Georgia _c/ by: Cox Broadcasting Corporation |
||
| 260 |
_aAtlanta, GA _bCox Broadcasting Corporation _c1974 |
||
| 300 |
_a112 p. _bill. |
||
| 650 | 0 |
_9252 _aHistory |
|
| 653 | _aისტორია | ||
| 942 |
_2udc _cBK |
||
| 999 |
_c1044 _d1044 |
||